Datum a čas kvízu
39.5
Celkem bodů
Celkový počet nahraných bodů na tomto kvízu bez doplňovacích otázek.
3.
Pořadí na kvízu
Konečné umístění týmu na tomto kvízu.
Zaznamenané odpovědi
| # | Otázka | Odpověď | Body | Výsledky |
|---|---|---|---|---|
| 1. | Minulý týden připravili pracov... | D) šaliny | 0 | |
| 2. | Ve čtvrtek ustála předsedkyně... | Pfizergate | 1 | |
| 3. | Po několika týdnech dohadování... | Rubicon | 1 | |
| 4. | Evropská unie definitivně schv... | Bulharsko | 1 | |
| 5. | V pátek se v Monaku konal dalš... | skok vysoký | 0 | |
| 6. | Tento snímek pochází z národní... | Žofínský prales | 0 | |
| 7. | Rejvíz je národní přírodní rez... | A) Jeseníků | 1 | |
| 8. | Chráněná krajinná oblast Pálav... | Pavlovské vrchy, Nové Mlýny (Novomlýnská nádrž) | 0.5 | |
| 9. | Nyní se podíváme na nejdelší j... | Koněpruské jeskyně | 1 | |
| 10. | Zde vidíme výhled z rozhledny... | Králický Sněžník | 1 |